|
|
|
|
| LEADER |
02013cas a2200277 a 4500 |
| 001 |
AALejournalIMF015213 |
| 008 |
230101c9999 xx r poo 0 0eng d |
| 020 |
|
|
|c 5.00 USD
|
| 020 |
|
|
|z 9781475580389
|
| 022 |
|
|
|a 1018-5941
|
| 040 |
|
|
|a BD-DhAAL
|c BD-DhAAL
|
| 100 |
1 |
|
|a Ayadi, Rym.
|
| 245 |
1 |
0 |
|a Does Basel Compliance Matter for Bank Performance? /
|c Rym Ayadi, Sami Ben Naceur, Barbara Casu, Barry Quinn.
|
| 264 |
|
1 |
|a Washington, D.C. :
|b International Monetary Fund,
|c 2015.
|
| 300 |
|
|
|a 1 online resource (41 pages)
|
| 490 |
1 |
|
|a IMF Working Papers
|
| 500 |
|
|
|a <strong>Off-Campus Access:</strong> No User ID or Password Required
|
| 500 |
|
|
|a <strong>On-Campus Access:</strong> No User ID or Password Required
|
| 506 |
|
|
|a Electronic access restricted to authorized BRAC University faculty, staff and students
|
| 520 |
3 |
|
|a The global financial crisis underscored the importance of regulation and supervision to a well-functioning banking system that efficiently channels financial resources into investment. In this paper, we contribute to the ongoing policy debate by assessing whether compliance with international regulatory standards and protocols enchances bank operating efficiency. We focus specifically on the adoption of international capital standards and the Basel Core Principles for Effective Bank Supervision (BCP). The relationship between bank efficiency and regulatory compliance is investigated using the (Simar and Wilson 2007) double bootstrapping approach on an international sample of publicly listed banks. Our results indicate that overall BCP compliance, or indeed compliance with any of its individual chapters, has no association with bank efficiency.
|
| 538 |
|
|
|a Mode of access: Internet
|
| 700 |
1 |
|
|a Ben Naceur, Sami.
|
| 700 |
1 |
|
|a Casu, Barbara.
|
| 700 |
1 |
|
|a Quinn, Barry.
|
| 830 |
|
0 |
|a IMF Working Papers; Working Paper ;
|v No. 2015/100
|
| 856 |
4 |
0 |
|z Full text available on IMF
|u http://elibrary.imf.org/view/journals/001/2015/100/001.2015.issue-100-en.xml
|z IMF e-Library
|